El Derecho a la cláusula de conciencia de los profesionales de la información (Registro nro. 161339)

Detalles MARC
000 -LEADER
fixed length control field 01246nam a2200277 a 4500
007 - PHYSICAL DESCRIPTION FIXED FIELD--GENERAL INFORMATION
fixed length control field cr|||| ||||
008 - FIXED-LENGTH DATA ELEMENTS--GENERAL INFORMATION
fixed length control field 091030s2009 sp f |||| 0|0 0 spa|c
020 ## - INTERNATIONAL STANDARD BOOK NUMBER
International Standard Book Number 9788496721838
035 ## -
-- 5780
040 ## - CATALOGING SOURCE
Modifying agency vLex
090 ## -
-- 2921
-- 2921
100 1# - MAIN ENTRY--PERSONAL NAME
Personal name Blasco Jover, Carolina
245 13 - TITLE STATEMENT
Title El Derecho a la cláusula de conciencia de los profesionales de la información
Medium [Recurso electrónico] /
Statement of responsibility, etc Carolina Blaco Jover
256 ## -
-- Servicio en línea
260 ## - PUBLICATION, DISTRIBUTION, ETC. (IMPRINT)
Place of publication, distribution, etc Albacete :
Name of publisher, distributor, etc Bomarzo,
Date of publication, distribution, etc 2009
300 ## - PHYSICAL DESCRIPTION
Extent 1 recurso electrónico
504 ## - BIBLIOGRAPHY, ETC. NOTE
Bibliography, etc Bibliografía: p. 327-349
506 1# - RESTRICTIONS ON ACCESS NOTE
Terms governing access Contenido solo disponible en los productos indicados
Authorized users vLex Global
-- vLex Global (Academic Edition, excluding Law Schools)
-- vLex Global (U.S. Academic Edition, Law Schools)
-- vLex Global (U.S. Academic Edition, excluding Law Schools)
-- vLex Global (Academic Edition, Law Schools)
650 #4 - SUBJECT ADDED ENTRY--TOPICAL TERM
Topical term or geographic name as entry element Secreto profesional
General subdivision Periodismo
Geographic subdivision España
650 #4 - SUBJECT ADDED ENTRY--TOPICAL TERM
Topical term or geographic name as entry element Libertad de información
General subdivision Derecho
Geographic subdivision España
650 #4 - SUBJECT ADDED ENTRY--TOPICAL TERM
Topical term or geographic name as entry element Medios de comunicación
Geographic subdivision España
740 0# -
-- vLex Libros (Servicio en línea)
856 40 - LOCALIZACIÓN Y ACCESO ELECTRÓNICO
Identificador Uniforme del Recurso (URI/URL) https://app.vlex.com/#/sources/derecho-clausula-conciencia-profesionales-informacion-5780
942 ## -
-- RAA
999 ## -
-- 161339
-- 161339

No hay ítems disponibles.


CONTACTO


NOSOTROS


SITIOS DE INTERES

coordinacion.biblioteca.biblioteca@unienlinea.mx Misión, Visión y Objetivos Bases de datos
Directorio Bibliotecas Digitales y Repositorios
Normatividad Revistas y artículos
Convenios interbibliotecarios
Boletines



Hecho en México. Universidad Insurgentes (UIN). Todos los derechos reservados 2024. Esta página y sus contenidos pueden ser reproducidos con fines no lucrativos, siempre y cuando no se mutile, se cite la fuente completa y su dirección electrónicas. De otra forma requiere permiso previo por escrito de la institución




2024 Copyright Universidad Insurgentes | www.bibliouin.com.mx